| 000 | 00701nam a22002417a 4500 | ||
|---|---|---|---|
| 001 | 32570 | ||
| 003 | UA-OsUOA | ||
| 005 | 20210920202655.0 | ||
| 007 | ta | ||
| 008 | 20050204b un ||||| |||| 00| 0 ukr d | ||
| 040 |
_aUA-OsUOA _brus _cUA-OsUOA _dUA-OsUOA |
||
| 041 | _arus | ||
| 044 | _aRU | ||
| 080 | _a33(091)(73) | ||
| 090 |
_a33(091)(73) _bС29 |
||
| 100 | _aСелигмен Б. | ||
| 245 |
_aСильные мира сего: бизнес и бизнесмены в американской истории _cБ. Селигмен ; ред. С. Н. Вишневского |
||
| 260 |
_aМ. _bПрогресс _c1976 |
||
| 300 | _a454 с. | ||
| 650 | 7 | _2UDC | |
| 942 |
_cBK _2udc |
||
| 955 | _a0 | ||
| 999 |
_c319015 _d319015 |
||